<?xml version="1.0" encoding="UTF-8"?>
<record
    xmlns:xsi="http://www.w3.org/2001/XMLSchema-instance"
    xsi:schemaLocation="http://www.loc.gov/MARC21/slim http://www.loc.gov/standards/marcxml/schema/MARC21slim.xsd"
    xmlns="http://www.loc.gov/MARC21/slim">

  <leader>01860nam a2200265 i 4500</leader>
  <controlfield tag="001">000030307</controlfield>
  <controlfield tag="003">DO-SdBNP</controlfield>
  <controlfield tag="005">20240430150513.0</controlfield>
  <controlfield tag="006">a||||gr|||| 00| 0 </controlfield>
  <controlfield tag="007">ta</controlfield>
  <controlfield tag="008">110509e1965    dr ac         000 0 spa d</controlfield>
  <datafield tag="040" ind1=" " ind2=" ">
    <subfield code="a">DO-SdBNP</subfield>
    <subfield code="b">spa</subfield>
    <subfield code="c">BNPHU</subfield>
    <subfield code="e">rda</subfield>
  </datafield>
  <datafield tag="049" ind1=" " ind2=" ">
    <subfield code="a">BNPD</subfield>
  </datafield>
  <datafield tag="082" ind1=" " ind2="4">
    <subfield code="b">E82r</subfield>
    <subfield code="2">22</subfield>
  </datafield>
  <datafield tag="100" ind1="1" ind2=" ">
    <subfield code="a">Estrella, Julio C.</subfield>
    <subfield code="d">1926-</subfield>
    <subfield code="9">6441</subfield>
    <subfield code="e">autor</subfield>
  </datafield>
  <datafield tag="245" ind1="1" ind2="3">
    <subfield code="a">La revoluci&#xF3;n dominicana y la crisis de la OEA /</subfield>
    <subfield code="c">Julio C. Estrella.</subfield>
  </datafield>
  <datafield tag="264" ind1=" " ind2="1">
    <subfield code="a">Santo Domingo :</subfield>
    <subfield code="b">Revista Ahora,</subfield>
    <subfield code="c">1965.</subfield>
  </datafield>
  <datafield tag="300" ind1=" " ind2=" ">
    <subfield code="a">67 p&#xE1;ginas ;</subfield>
    <subfield code="c">23 cm.</subfield>
  </datafield>
  <datafield tag="336" ind1=" " ind2=" ">
    <subfield code="2">rdacontent</subfield>
    <subfield code="a">texto</subfield>
    <subfield code="b">txt</subfield>
  </datafield>
  <datafield tag="337" ind1=" " ind2=" ">
    <subfield code="2">rdamedia</subfield>
    <subfield code="a">sinmediaci&#xF3;n</subfield>
    <subfield code="b">n</subfield>
  </datafield>
  <datafield tag="338" ind1=" " ind2=" ">
    <subfield code="2">rdacarrier</subfield>
    <subfield code="a">volumen</subfield>
    <subfield code="b">nc</subfield>
  </datafield>
  <datafield tag="505" ind1=" " ind2=" ">
    <subfield code="a">Primera Parte.</subfield>
    <subfield code="t">Introducci&#xF3;n.-- La Revoluci&#xF3;n.-- El Gobierno de Molina Ure&#xF1;a.-- El Gobierno de Caama&#xF1;o De&#xF1;&#xF3;.-- La Junta Militar de "San Isidro.-- El Gobierno de Imbert Barreras.-- El Grupo de Santiago.-- La F&#xF3;rmula Guazm&#xE1;n.-- El Orden P&#xFA;blico. </subfield>
    <subfield code="g"> Segunda Parte.</subfield>
    <subfield code="t">El desembarco de los Norteamericanos.-- Los Organismos.-- Internacionales.-- Las Reuniones de la OEA.-- El Consejo de Seguridad.-- Los Observadores de la O.N.U.-- Conflicto de Jurisdicci&#xF3;n.</subfield>
    <subfield code="g">Tercera Parte</subfield>
    <subfield code="t">La Reuni&#xF3;n de Cancilleres.-- La Posici&#xF3;n de los Gobiernos.-- Creaci&#xF3;n de la Fuerza Interamericana se Objeta a.-- Bonilla Atiles.-- La Posici&#xF3;n del "Gobierno Constitucional".</subfield>
    <subfield code="g">Cuarta Parte.</subfield>
    <subfield code="t">La Comisi&#xF3;n Ad Hoc.-- La Crisis del 15 de Junio.-- Revaluaci&#xF3;n de la Situaci&#xF3;n Dominicana.-- Fideicomiso de Hecho.-- Violaci&#xF3;n de los Derechos Humanos.-- Las Conclusiones de los Crimin&#xF3;logos.-- Las Gestiones de la Comisi&#xF3;n Ad Hoc.-- El Gobierno Provisional.</subfield>
    <subfield code="g">Quinta Parte.</subfield>
    <subfield code="t">El Principio de la No Intervenci&#xF3;n.-- Tres Alternativas.-- Ofensiva Jurisprudencial.-- El Menor de dos Males.-- Nuevos Rumbos.-- Doctrinales.</subfield>
    <subfield code="t">Conclusi&#xF3;n</subfield>
  </datafield>
  <datafield tag="590" ind1=" " ind2=" ">
    <subfield code="a">Inventariado 2024 / MF</subfield>
  </datafield>
  <datafield tag="942" ind1=" " ind2=" ">
    <subfield code="2">ddc</subfield>
    <subfield code="c">LBS1</subfield>
  </datafield>
  <datafield tag="952" ind1=" " ind2=" ">
    <subfield code="0">0</subfield>
    <subfield code="1">0</subfield>
    <subfield code="2">ddc</subfield>
    <subfield code="5">6</subfield>
    <subfield code="7">0</subfield>
    <subfield code="8">PD-RV</subfield>
    <subfield code="a">BNPHU</subfield>
    <subfield code="b">BNPHU</subfield>
    <subfield code="c">CT</subfield>
    <subfield code="d">2014-06-16</subfield>
    <subfield code="e">Perteneci&#xF3; a la biblioteca de B&#xE1;rbara Suncar</subfield>
    <subfield code="l">0</subfield>
    <subfield code="o">E82r</subfield>
    <subfield code="p">2024-2539</subfield>
    <subfield code="r">2020-06-25</subfield>
    <subfield code="t">e. 3</subfield>
    <subfield code="w">2020-06-25</subfield>
    <subfield code="y">LBS1</subfield>
    <subfield code="Z">Pr&#xE9;stamo en sala</subfield>
  </datafield>
  <datafield tag="952" ind1=" " ind2=" ">
    <subfield code="0">0</subfield>
    <subfield code="1">0</subfield>
    <subfield code="2">ddc</subfield>
    <subfield code="5">1</subfield>
    <subfield code="7">0</subfield>
    <subfield code="8">PD-RV</subfield>
    <subfield code="a">BNPHU</subfield>
    <subfield code="b">BNPHU</subfield>
    <subfield code="c">CT</subfield>
    <subfield code="d">2011-05-09</subfield>
    <subfield code="e">Perteneci&#xF3; a la biblioteca personal de Germ&#xE1;n Emilio Ornes.</subfield>
    <subfield code="l">0</subfield>
    <subfield code="o">E82r</subfield>
    <subfield code="p">30307-10</subfield>
    <subfield code="r">2020-06-25</subfield>
    <subfield code="w">2020-06-25</subfield>
    <subfield code="y">LBS1</subfield>
    <subfield code="Z">No se presta</subfield>
  </datafield>
  <datafield tag="952" ind1=" " ind2=" ">
    <subfield code="0">0</subfield>
    <subfield code="1">0</subfield>
    <subfield code="2">ddc</subfield>
    <subfield code="5">1</subfield>
    <subfield code="7">0</subfield>
    <subfield code="8">PD-RV</subfield>
    <subfield code="a">BNPHU</subfield>
    <subfield code="b">BNPHU</subfield>
    <subfield code="c">HD</subfield>
    <subfield code="d">2015-04-07</subfield>
    <subfield code="l">0</subfield>
    <subfield code="o">E82r</subfield>
    <subfield code="p">30307-20</subfield>
    <subfield code="r">2020-06-25</subfield>
    <subfield code="t">e. 2</subfield>
    <subfield code="w">2020-06-25</subfield>
    <subfield code="y">LBS1</subfield>
    <subfield code="Z">No se presta</subfield>
  </datafield>
  <datafield tag="952" ind1=" " ind2=" ">
    <subfield code="0">0</subfield>
    <subfield code="1">0</subfield>
    <subfield code="2">ddc</subfield>
    <subfield code="5">6</subfield>
    <subfield code="7">0</subfield>
    <subfield code="8">DS</subfield>
    <subfield code="a">BNPHU</subfield>
    <subfield code="b">BNPHU</subfield>
    <subfield code="c">CT</subfield>
    <subfield code="d">2024-11-28</subfield>
    <subfield code="e">Donado por la Presidencia de la Rep&#xFA;blica Dominicana 2023</subfield>
    <subfield code="l">0</subfield>
    <subfield code="o">BNPHU DS E82r</subfield>
    <subfield code="p">2024-6800</subfield>
    <subfield code="r">2024-11-28</subfield>
    <subfield code="t">e.4</subfield>
    <subfield code="w">2024-11-28</subfield>
    <subfield code="y">LBS1</subfield>
    <subfield code="z">Pertenecio a la biblioteca personal de Emilio Cordero Michel</subfield>
  </datafield>
  <datafield tag="999" ind1=" " ind2=" ">
    <subfield code="c">29799</subfield>
    <subfield code="d">29799</subfield>
  </datafield>
</record>
